[Event "Maralsay op"]
[Site "Maralsay"]
[Date "2010.08.23"]
[Round "8"]
[White "Kim, Timur"]
[Black "Grigoryev, Albert"]
[Result "1-0"]
[WhiteElo "2029"]
[BlackElo "1867"]
[PlyCount "75"]
[EventDate "2010.08.17"]
[EventType "swiss"]
[EventRounds "9"]
[EventCountry "KAZ"]
[SourceTitle "EXT 2013"]
[Source "ChessBase"]
[SourceDate "2012.11.22"]
[SourceVersion "1"]
[SourceVersionDate "2012.11.22"]
[SourceQuality "1"]

1. e4 e6 2. Nf3 d5 3. Nc3 dxe4 4. Nxe4 Nd7 5. d4 Ngf6 6. Ng3 Be7 7. Bd3 0-0 8. 0-0 b6 9. Bf4 Bb7 10. c3 c5 11. Bc2 Nd5 12. Be3 N7f6 13. Qe2 Qc7 14. dxc5 Bxc5 15. Bxc5 Qxc5 16. Ne4 Qe7 17. Nxf6+ Nxf6 18. Rad1 Rad8 19. Rxd8 Rxd8 20. Rd1 Rxd1+ 21. Qxd1 Be4 22. Bxe4 Nxe4 23. Qd4 Nf6 24. h3 h6 25. Ne5 Qc7 26. c4 Ne8 27. b4 Nd6 28. c5 Nf5 29. Qc3 bxc5 30. bxc5 f6 31. Nd3 Ne7 32. Qc4 Nd5 33. Nb4 Nxb4 34. Qxb4 Kf7 35. a4 a5 36. Qb6 Qc8 37. Qxa5 Qb7 38. Qb6 1-0

[Event "Maralsay op"]
[Site "Maralsay"]
[Date "2010.08.21"]
[Round "5"]
[White "Alpysbayeva, Aigerim"]
[Black "Kim, Timur"]
[Result "1-0"]
[WhiteElo "1969"]
[BlackElo "2029"]
[PlyCount "38"]
[EventDate "2010.08.17"]
[EventType "swiss"]
[EventRounds "9"]
[EventCountry "KAZ"]
[SourceTitle "EXT 2013"]
[Source "ChessBase"]
[SourceDate "2012.11.22"]
[SourceVersion "1"]
[SourceVersionDate "2012.11.22"]
[SourceQuality "1"]

1. d4 Nf6 2. c4 e6 3. Nf3 d5 4. cxd5 exd5 5. Nc3 Bf5 6. e3 c6 7. Bd3 Bxd3 8. Qxd3 Bd6 9. 0-0 0-0 10. e4 dxe4 11. Nxe4 Nxe4 12. Qxe4 Re8 13. Qg4 Qd7 14. Qh5 h6 15. Bd2 Na6 16. Nh4 Bb4 17. Be3 Nc7 18. Nf5 Nd5 19. Qg4 Qxf5 1-0

[Event "Moscow op-A"]
[Site "Moscow"]
[Date "2009.02.03"]
[Round "4"]
[White "Leontiev, Aleksandr V"]
[Black "Kim, Timur"]
[Result "1-0"]
[WhiteElo "1960"]
[BlackElo "2010"]
[PlyCount "49"]
[EventDate "2009.01.31"]
[EventType "swiss"]
[EventRounds "9"]
[EventCountry "RUS"]
[SourceTitle "EXT 2022"]
[Source "ChessBase"]
[SourceDate "2021.10.06"]
[SourceVersion "1"]
[SourceVersionDate "2021.10.06"]
[SourceQuality "1"]

1. c4 c5 2. Nf3 Nc6 3. Nc3 g6 4. e3 Bg7 5. d4 cxd4 6. exd4 d6 7. d5 Ne5 8. Nd4 Nf6 9. Be2 0-0 10. 0-0 a6 11. b3 Nfd7 12. Re1 Re8 13. Bf1 Nf8 14. Bb2 Qc7 15. Qd2 Bd7 16. h3 Rab8 17. Rad1 h5 18. f3 Qc5 19. Qf2 Nh7 20. a4 Rbc8 21. Kh1 Qb6 22. Qd2 Kf8 23. Qf4 Kg8 24. g4 Nf8 25. g5 1-0

[Event "Moscow op-B 04th"]
[Site "Moscow"]
[Date "2008.02.09"]
[Round "8"]
[White "Kim, Timur"]
[Black "Radivilov, Igor"]
[Result "0-1"]
[WhiteElo "1958"]
[BlackElo "1925"]
[PlyCount "38"]
[EventDate "2008.02.02"]
[EventType "swiss"]
[EventRounds "9"]
[EventCountry "RUS"]
[SourceTitle "CBM 122 Extra"]
[Source "ChessBase"]
[SourceDate "2008.03.04"]
[SourceVersion "1"]
[SourceVersionDate "2008.03.04"]
[SourceQuality "1"]

1. d4 Nf6 2. c4 g6 3. Nc3 d5 4. e3 Bg7 5. Nf3 0-0 6. Bd3 b6 7. 0-0 Bb7 8. Rb1 Nbd7 9. b4 Re8 10. c5 Ne4 11. Bxe4 dxe4 12. Nd2 Nf6 13. Qc2 bxc5 14. bxc5 Ba6 15. Ndxe4 Nxe4 16. Qxe4 Bxf1 17. Kxf1 Rb8 18. Qc6 Rxb1 19. Nxb1 e5 0-1

[Event "Moscow op-B 04th"]
[Site "Moscow"]
[Date "2008.02.07"]
[Round "6"]
[White "Kim, Timur"]
[Black "Raisov, Erik"]
[Result "1-0"]
[WhiteElo "1958"]
[BlackElo "1912"]
[PlyCount "73"]
[EventDate "2008.02.02"]
[EventType "swiss"]
[EventRounds "9"]
[EventCountry "RUS"]
[SourceTitle "CBM 122 Extra"]
[Source "ChessBase"]
[SourceDate "2008.03.04"]
[SourceVersion "1"]
[SourceVersionDate "2008.03.04"]
[SourceQuality "1"]

1. d4 Nf6 2. c4 e6 3. Nc3 c6 4. e4 d5 5. e5 Nfd7 6. Nf3 Be7 7. Qc2 b6 8. Bd3 Ba6 9. b3 Bb7 10. Bxh7 Na6 11. a3 c5 12. Bd3 cxd4 13. Nxd4 dxc4 14. Bxc4 Nxe5 15. Bb5+ Kf8 16. Be3 Bc5 17. Rd1 Bxd4 18. Rxd4 Qc8 19. f3 Nc7 20. Qd2 Bxf3 21. 0-0 Bd5 22. Nxd5 Nxb5 23. Nxb6 axb6 24. Qb4+ Kg8 25. Qxb5 f6 26. Qxb6 Rb8 27. Qd6 Nf7 28. Qe7 Rxb3 29. Rd7 Qf8 30. Qxe6 Rb8 31. Rc1 Qe8 32. Re7 Qf8 33. h3 Rh5 34. Bf4 Rd8 35. Rcc7 Kh8 36. Rxf7 Qxa3 37. Rxg7 1-0

[Event "Almaty Seimar op"]
[Site "Almaty"]
[Date "2007.08.26"]
[Round "9"]
[White "Turdialieva, Tahmina"]
[Black "Kim, Timur"]
[Result "1/2-1/2"]
[WhiteElo "1931"]
[BlackElo "1958"]
[PlyCount "78"]
[EventDate "2007.08.18"]
[EventType "swiss"]
[EventRounds "9"]
[EventCountry "KAZ"]
[SourceTitle "EXT 2022"]
[Source "ChessBase"]
[SourceDate "2021.10.06"]
[SourceVersion "1"]
[SourceVersionDate "2021.10.06"]
[SourceQuality "1"]

1. e4 c5 2. Nc3 Nc6 3. f4 d6 4. Nf3 Nf6 5. Bc4 a6 6. a4 e6 7. f5 d5 8. Ba2 dxe4 9. Ng5 h6 10. Ngxe4 Nxe4 11. Nxe4 exf5 12. 0-0 fxe4 13. Qh5 Qd4+ 14. Kh1 Ne5 15. c3 Qd6 16. d4 Bg4 17. Qxe5+ Qxe5 18. Bxf7+ Kd7 19. dxe5 Be6 20. Bg6 Bc4 21. Rd1+ Ke6 22. Bxe4 Rb8 23. Bf4 Be7 24. Rd2 Rhf8 25. Bg3 b6 26. Rb1 Bb3 27. Re1 Rbd8 28. Rxd8 Bxd8 29. Bb7 a5 30. Bc6 Bc7 31. h3 Rf5 32. Bf3 Rf8 33. Bd1 Bxd1 34. Rxd1 Rd8 35. Rxd8 Bxd8 36. Kg1 Bc7 37. Kf2 Bxe5 38. Bxe5 Kxe5 39. Ke3 c4 1/2-1/2